banner-ar

ثلاثة مصنفات للحكيم الترمذى : (Record no. 36073)

MARC details
000 -الفاتح
حقل البيانات ثابتة الطول 00809nam a2200193Ia 4500
008 - عناصر البيانات ثابتة الطول - معلومات عامة
حقل البيانات ثابتة الطول 140319s9999 xx 000 0 ara d
040 ## - مصدر الفهرسة
وكالة الفهرسة الأصلية GCL /
وكالة النسخ GCL
082 04 - رقم تصنيف ديوى العشرى
رقم التصنيف 265.7
رقم المادة ت ث
100 1# - المدخل الرئيسى - إسم شخصى
الإسم الشخصى رينر هلموت
245 10 - بيان العنوان
العنوان ثلاثة مصنفات للحكيم الترمذى :
بقية العنوان كتاب سيرة الاولياء جواب المسائل التى ساله اهل سرخس عنها - جواب كتاب من الرى /
بيان المسئوليه,etc رينر هلموت
700 1# - المدخل الاضافى - اسم شخصى
الإسم الشخصى راتكه بيرند
260 ## - PUBLICATION, DISTRIBUTION, ETC. (IMPRINT)
تاريخ النشر أو التوزيع 1992
300 ## - الوصف المادى
التعداد 340 ص ؛
أبعاد الوعاء 24 سم
490 ## - بيان السلسلة
عنوان السلسلة النشرات الاسلامية
رقم المجلد/ التعيين التسلسلي 35\أ
650 04 - المدخل الاضافى بالموضوع-مصطلح موضوعى
مصطلح موضوعي التصوف - تاريخ
650 04 - المدخل الاضافى بالموضوع-مصطلح موضوعى
مصطلح موضوعي التصوف الاسلامى - المقامات
942 ## - عناصر المدخل الإضافي( كوها)
مصدر التصنيف او مخطط الترفيف Dewey Decimal Classification
Koha [default] item type كتاب
260 ## - PUBLICATION, DISTRIBUTION, ETC. (IMPRINT)
-- بيروت :
-- دار النشر فرانز شتايز بفيسبادن ،
Holdings
حالة التراجع حالة الفقد حالة تلف ليس للاعارة المكان المؤقت الموقع الحالى تاريخ الاكتساب اجمالي اﻻعارات رقم الطلب الباركود تاريخ اخر مشاهدة تاريخ تفعيل السعر نوع وعاء كوها
        مكتبة القاهرة الكبرى مكتبة القاهرة الكبرى 03/26/2014   265.7\ ت ث 87771 03/26/2014 03/26/2014 كتاب
        مكتبة القاهرة الكبرى مكتبة القاهرة الكبرى 03/26/2014   265.7\ ت ث 87772 03/26/2014 03/26/2014 كتاب
        مكتبة القاهرة الكبرى مكتبة القاهرة الكبرى 03/26/2014   265.7\ ت ث 87773 03/26/2014 03/26/2014 كتاب
        مكتبة القاهرة الكبرى مكتبة القاهرة الكبرى 03/26/2014   265.7\ ت ث 87774 03/26/2014 03/26/2014 كتاب
        مكتبة القاهرة الكبرى مكتبة القاهرة الكبرى 03/26/2014   265.7\ ت ث 87775 03/26/2014 03/26/2014 كتاب
        مكتبة القاهرة الكبرى مكتبة القاهرة الكبرى 03/26/2014   265.7\ ت ث 87776 03/26/2014 03/26/2014 كتاب

Powered By

EGPV